000 00778nam a2200181Ia 4500
008 151202s9999||||xx |||||||||||||| ||und||
082 _bPNVM-38127
100 _aसोहोनी श्री. वि.
245 _aध्वनी वर्धत आणि वितरण व्यवस्था.
260 _b"महाराष्ट् राज्य सा. स. मंडळ ,मुंबई."
260 _c1977
300 _a130
600 _aसोहोनी श्री. वि.
630 _aध्वनी वर्धत आणि वितरण व्यवस्था.
700 _aसोहोनी श्री. वि.
730 _aध्वनी वर्धत आणि वितरण व्यवस्था.
942 _cBOOK
999 _c1304079
_d1304076